Geography Quiz

Random Geography or Blitz Quiz

Tricky-Clicky Minute: Countries Quiz Stats

Quiz Updated Nov 26, 2015

Challenge
Share
Tweet
Embed
Score 0/50 Timer 01:00
7 Plays Today
% Correct
Germany
88.9%
France
88.5%
Thailand
88.5%
Japan
88.5%
Sweden
88.3%
Greece
88.3%
Brazil
88.2%
Spain
88.2%
Poland
88.2%
Finland
88.1%
Turkey
88.1%
Nigeria
88%
Ireland
88%
Iceland
88%
Jamaica
87.8%
Hungary
87.6%
Indonesia
87.6%
India
87.5%
Zimbabwe
87.4%
Uganda
87.3%
Morocco
87.2%
Bolivia
87.1%
Romania
87.1%
Ecuador
87.1%
Bulgaria
87.1%
% Correct
Iraq
87%
Chile
86.7%
Cuba
86.6%
Albania
86.3%
Algeria
86.2%
Honduras
86.1%
Libya
86%
Lebanon
85.9%
Colombia
85.4%
Bangladesh
85.1%
Guatemala
84.9%
Panama
84.7%
Jordan
84.6%
Singapore
84.5%
Kyrgyzstan
83.9%
Tanzania
83.6%
Monaco
83.4%
Georgia
83.3%
Mongolia
83.2%
Liberia
83.1%
Belize
83%
Barbados
81.3%
Maldives
80.6%
Togo
75.8%
Dominica
72.2%

You're not logged in!

Compare scores with friends on all Sporcle quizzes.
Sign Up with Email
OR
Log In

You Might Also Like...

Show Comments

Extras

Top Quizzes Today


Score Distribution

Your Account Isn't Verified!

In order to create a playlist on Sporcle, you need to verify the email address you used during registration. Go to your Sporcle Settings to finish the process.

Report this User

Report this user for behavior that violates our Community Guidelines.

Details: